Introducción a las técnicas de investigación pedagógica (Record no. 7079)

MARC details
000 -LEADER
campo de control de longitud fija 01681nmc a2200445 a 4500
003 - IDENTIFICADOR DE NÚMERO DE CONTROL
campo de control AR-BaBNM
005 - FECHA Y HORA DE LA ÚLTIMA TRANSACCIÓN
campo de control 20251128204334.0
008 - DATOS DE LONGITUD FIJA--INFORMACIÓN GENERAL
campo de control de longitud fija 011101s1986 ||||||||||||||000 | spa||
020 ## - NÚMERO INTERNACIONAL ESTÁNDAR DEL LIBRO
Número Internacional Estándar del Libro 968-424-102-X
040 ## - FUENTE DE CATALOGACIÓN
Centro/agencia transcriptor AR-BaBNM
100 1# - ENTRADA PRINCIPAL--NOMBRE DE PERSONA
Nombre de persona Díaz González Iturbe, Alfredo
245 10 - MENCIÓN DEL TÍTULO
Título Introducción a las técnicas de investigación pedagógica
250 ## - MENCION DE EDICION
Mención de edición 1ª ed.
260 ## - PUBLICACIÓN, DISTRIBUCIÓN, ETC.
Lugar de publicación, distribución, etc. México, D.F.
Nombre del editor, distribuidor, etc. Kapelusz mexicana
Fecha de publicación, distribución, etc. 1986
300 ## - DESCRIPCIÓN FÍSICA
Extensión 231 p.
Otros detalles físicos diagr., cuadros
490 #0 - MENCIÓN DE SERIE
Mención de serie Actualización pedagógica
500 ## - NOTA GENERAL
Nota general Notas bibliográficas al término de los capítulos
504 ## - NOTA DE BIBLIOGRAFÍA, ETC.
Nota de bibliografía, etc. Nota Apéndice: bibliografía básica clasificada: investigación bibliográfica-hemerográfica y documental - Investigación social - Investigación pedagógica - Investigación histórica - Las fuentes de la investigación - El diseño de la investigación - Recopilación, manejo e interpretación de datos - Locuciones y abreviaturas de mayor uso en la redacción de informes de investigación
650 #4 - PUNTO DE ACCESO ADICIONAL DE MATERIA--TÉRMINO DE MATERIA
Término de materia o nombre geográfico como elemento de entrada INVESTIGACION CIENTIFICA
650 #4 - PUNTO DE ACCESO ADICIONAL DE MATERIA--TÉRMINO DE MATERIA
Término de materia o nombre geográfico como elemento de entrada HISTORIA SOCIAL
650 #4 - PUNTO DE ACCESO ADICIONAL DE MATERIA--TÉRMINO DE MATERIA
Término de materia o nombre geográfico como elemento de entrada METODOS DE INVESTIGACION
650 #4 - PUNTO DE ACCESO ADICIONAL DE MATERIA--TÉRMINO DE MATERIA
Término de materia o nombre geográfico como elemento de entrada INVESTIGADORES
650 #4 - PUNTO DE ACCESO ADICIONAL DE MATERIA--TÉRMINO DE MATERIA
Término de materia o nombre geográfico como elemento de entrada SOLUCION DE PROBLEMAS
650 #4 - PUNTO DE ACCESO ADICIONAL DE MATERIA--TÉRMINO DE MATERIA
Término de materia o nombre geográfico como elemento de entrada INVESTIGACION CENTRADA EN LOS PROBLEMAS
650 #4 - PUNTO DE ACCESO ADICIONAL DE MATERIA--TÉRMINO DE MATERIA
Término de materia o nombre geográfico como elemento de entrada HIPOTESIS
650 #4 - PUNTO DE ACCESO ADICIONAL DE MATERIA--TÉRMINO DE MATERIA
Término de materia o nombre geográfico como elemento de entrada ENTREVISTAS
650 #4 - PUNTO DE ACCESO ADICIONAL DE MATERIA--TÉRMINO DE MATERIA
Término de materia o nombre geográfico como elemento de entrada PRUEBAS ESCOLARES
650 #4 - PUNTO DE ACCESO ADICIONAL DE MATERIA--TÉRMINO DE MATERIA
Término de materia o nombre geográfico como elemento de entrada ANALISIS DE DATOS
650 #4 - PUNTO DE ACCESO ADICIONAL DE MATERIA--TÉRMINO DE MATERIA
Término de materia o nombre geográfico como elemento de entrada PROCESAMIENTO DE DATOS
650 #4 - PUNTO DE ACCESO ADICIONAL DE MATERIA--TÉRMINO DE MATERIA
Término de materia o nombre geográfico como elemento de entrada CUESTIONARIOS
650 #4 - PUNTO DE ACCESO ADICIONAL DE MATERIA--TÉRMINO DE MATERIA
Término de materia o nombre geográfico como elemento de entrada REDACCION DE INFORMES
650 #4 - PUNTO DE ACCESO ADICIONAL DE MATERIA--TÉRMINO DE MATERIA
Término de materia o nombre geográfico como elemento de entrada ANALISIS ESTADISTICO
650 #4 - PUNTO DE ACCESO ADICIONAL DE MATERIA--TÉRMINO DE MATERIA
Término de materia o nombre geográfico como elemento de entrada PSICOLOGIA SOCIAL
650 #4 - PUNTO DE ACCESO ADICIONAL DE MATERIA--TÉRMINO DE MATERIA
Término de materia o nombre geográfico como elemento de entrada PEDAGOGIA
651 #4 - PUNTO DE ACCESO ADICIONAL DE MATERIA--NOMBRE GEOGRÁFICO
Nombre geográfico México
653 ## - TÉRMINO DE INDIZACIÓN--NO CONTROLADO
Término no controlado INVESTIGACION EDUCATIVA
653 ## - TÉRMINO DE INDIZACIÓN--NO CONTROLADO
Término no controlado PROBLEMAS EDUCATIVOS
942 ## - ELEMENTOS DE ENTRADA SECUNDARIOS (KOHA)
Tipo de ítem Koha Libros
998 ## - INFORMACIÓN DE CONTROL LOCAL (RLIN)
Iniciales del catalogador, CIN (RLIN) Ethel
Holdings
Estatus retirado Estado de pérdida Fuente de la clasificación o esquema de estantería Estado de daño No para préstamo Biblioteca de origen Biblioteca actual Fecha de adquisición Total de préstamos Signatura topográfica completa Código de barras Visto por última vez Precio de reemplazo Tipo de ítem Koha Restricciones de uso Ubicación en estantería
    Clasificación Decimal Dewey     Liberty Liberty 28/11/2025   37.012 DIA 074743 28/11/2025 28/11/2025 Libros    
    Clasificación Decimal Dewey     Liberty Liberty 28/11/2025   37.012 DIA 074744 28/11/2025 28/11/2025 Libros    
    Clasificación Decimal Dewey     Liberty Liberty 28/11/2025   37.012 DIA 102364 28/11/2025 28/11/2025 Libros    
    Clasificación Decimal Dewey   No para préstamo Liberty Liberty 28/11/2025   37.012 DIA 104837 28/11/2025 28/11/2025 Libros Acceso restringido  
    Clasificación Decimal Dewey   No para préstamo Liberty Liberty 28/11/2025   37.012 DIA 121062 28/11/2025 28/11/2025 Libros Acceso restringido